Straßennamen der Stadt Erlangen - Statistiken

Allgemein
  • Dieses Quiz wurde 15 mal gespielt
    12 seit der letzten Aktualisierung
  • Das Durchschnittsergebnis liegt bei 49 aus 901
Antwortstatistiken
A-Z Antwort % Korrekt
H Hauptstr.
67%
N Nürnberger Str.
67%
F Friedrichstr.
44%
F Fürther Str.
44%
H Henkestr.
44%
K Krankenhausstr.
44%
N Nördliche Stadtmauerstr.
44%
Ö Östliche Stadtmauerstr.
44%
S Schulstr.
44%
S Südliche Stadtmauerstr.
44%
U Universitätsstr.
44%
W Westliche Stadtmauerstr.
44%
A Am Anger
33%
B Bamberger Str.
33%
B Bayernstr.
33%
B Bohlenplatz
33%
E Eltersdorfer Str.
33%
F Fahrstr.
33%
F Friedhofstr.
33%
G Gebbertstr.
33%
G Goethestr.
33%
G Gutenbergstr.
33%
H Hartmannstr.
33%
H Hofmannstr.
33%
H Hugenottenplatz
33%
L Lorlebergplatz
33%
M Marktplatz
33%
M Mozartstr.
33%
N Neue Str.
33%
P Paul-Gossen-Str.
33%
R Rathsberger Str.
33%
S Schillerstr.
33%
T Theaterplatz
33%
A Adalbert-Stifter-Str.
22%
A Ahornweg
22%
A Akazienweg
22%
A Albrecht-Dürer-Str.
22%
A Am Bahnhof
22%
A Am Brucker Bahnhof
22%
A Am Europakanal
22%
A Am Hafen
22%
A An den Kellern
22%
A An der Wied
22%
A Apfelstr.
22%
A Apothekergasse
22%
A Artilleriestr.
22%
A Atzelsberger Steige
22%
Ä Äußere Brucker Str.
22%
B Bachfeldstr.
22%
B Baumschulenweg
22%
B Bayreuther Str.
22%
B Beethovenstr.
22%
B Benzstr.
22%
B Bergstr.
22%
B Berliner Platz
22%
B Bienenweg
22%
B Bierlachweg
22%
B Birkenweg
22%
B Böhmlach
22%
B Büchenbacher Damm
22%
B Buckenhofer Weg
22%
B Bunsenstr.
22%
B Burgbergstr.
22%
C Coburger Str.
22%
C Cumianastr.
22%
D Dechsendorfer Damm
22%
D Dieselstr.
22%
D Dresdener Str.
22%
E Ebereschenweg
22%
E Eggenreuther Weg
22%
E Einhornstr.
22%
E Elise-Spaeth-Str.
22%
E Erwin-Rommel-Str.
22%
E Eschenweg
22%
E Espenweg
22%
E Essenbacher Str.
22%
F Forchheimer Str.
22%
F Frankenschnellweg
22%
F Frankenwaldallee
22%
F Franzosenweg
22%
F Frauenauracher Str.
22%
F Fürstenweg
22%
G Günther-Scharowsky-Str.
22%
G Gustav-Adolf-Str.
22%
G Güterhallenstr.
22%
H Haagstr.
22%
H Herzogenauracher Damm
22%
H Hummelweg
22%
I Im Gäßla
22%
I Innere Brucker Str.
22%
I Isarstr.
22%
J Judengasse
22%
K Kanalstr.
22%
K Keltschstr.
22%
L Langemarckplatz
22%
L Langfeldstr.
22%
L Leipziger Str.
22%
L Loewenichstr.
22%
M Martin-Luther-Platz
22%
M Möhrendorfer Str.
22%
M Münchener Str.
22%
N Neumühle
22%
N Noetherstr.
22%
O Obere Karlstr.
22%
O Ohmplatz
22%
P Platanenweg
22%
P Pommernstr.
22%
R Rathausplatz
22%
R Regnitzweg
22%
R Röntgenstr.
22%
S Sachsenstr.
22%
S Sandbergstr.
22%
S Schorlachstr.
22%
S Schornbaumstr.
22%
S Schuhstr.
22%
S Sebaldusstr.
22%
S Sieglitzhofer Str.
22%
T Tannenweg
22%
T Tennenloher Str.
22%
U Ungarnstr.
22%
U Untere Karlstr.
22%
V Vierzigmannstr.
22%
V Vogelherd
22%
V Volckamerstr.
22%
W Waldstr.
22%
W Webergasse
22%
W Weidenweg
22%
W Weinstr.
22%
W Werner-von-Siemens-Str.
22%
W Wetterkreuz
22%
W Wichernstr.
22%
W Wladimirstr.
22%
A Adam-Kraft-Str.
11%
A Adenauer-Ring
11%
A Adlerstr.
11%
A Allee am Röthelheimpark
11%
A Alterlanger Str.
11%
A Altstädter Kirchenplatz
11%
A Am Brucker Seela
11%
A Am Dorfweiher
11%
A Am Ehrenfriedhof
11%
A Am Kornfeld
11%
A Am Pestalozziring
11%
A An der Autobahn
11%
A Anlagenstr.
11%
A Aschaffenburger Str.
11%
Ä Äußere Tennenloher Str.
11%
B Badstr.
11%
B Bahnhofplatz
11%
B Bismarckstr.
11%
B Blumenweg
11%
B Borsigstr.
11%
B Boschstr.
11%
B Breslauer Str.
11%
B Bubenreuther Weg
11%
C Cauerstr.
11%
D Dechsendorfer Str.
11%
D Donaustr.
11%
D Dorfstr.
11%
E Egidienstr.
11%
E Eichendorffstr.
11%
E Enggleis
11%
E Eskilstunastr.
11%
F Felix-Klein-Str.
11%
F Finkenweg
11%
F Fröbelstr.
11%
G Gerhart-Hauptmann-Str.
11%
G Gleiwitzer Str.
11%
G Glockenstr.
11%
G Glückstr.
11%
G Görkauer Str.
11%
G Görlitzer Str.
11%
G Gründlacher Str.
11%
H Halbmondstr.
11%
H Häuslinger Str.
11%
H Haydnstr.
11%
H Hemhofener Str.
11%
H Henri-Dunant-Str.
11%
H Herbstwiesenweg
11%
H Herzogenauracher Str.
11%
H Hessenstr.
11%
H Heuwaagstr.
11%
H Heuweg
11%
H Hindenburgstr.
11%
H Hutgraben
11%
H Hüttendorfer Str.
11%
I In der Reuth
11%
J Jägerstr.
11%
J Jahnstr.
11%
J Jaminstr.
11%
J Jenaer Str.
11%
K Kantstr.
11%
K Kastanienweg
11%
K Kiefernweg
11%
K Kirchenstr.
11%
K Kochstr.
11%
K Koldestr.
11%
K Kosbacher Weg
11%
K Kreuzstr.
11%
K Kriegenbrunner Str.
11%
K Kurt-Schumacher-Str.
11%
K Kuttlerstr.
11%
L Langenaustr.
11%
L Lessingstr.
11%
L Liebigstr.
11%
L Lindenweg
11%
L Ludwig-Erhard-Str.
11%
L Ludwig-Thoma-Str.
11%
M Mainstr.
11%
M Marie-Curie-Str.
11%
M Maximiliansplatz
11%
M Max-Planck-Str.
11%
M Meisenweg
11%
M Memelstr.
11%
M Michael-Vogel-Str.
11%
M Mittlere Schulstr.
11%
N Neckarstr.
11%
N Neuseser Str.
11%
N Neustädter Kirchenplatz
11%
N Niederndorfer Str.
11%
N Nikolaus-Fiebiger-Str.
11%
O Ohmstr.
11%
Ö Österreicher Str.
11%
P Palmsanlage
11%
P Pfarrstr.
11%
R Rathenaustr.
11%
R Rheinstr.
11%
R Rhönstr.
11%
R Röttenbacher Str.
11%
S Saidelsteig
11%
S Schallershofer Str.
11%
S Schiffstr.
11%
S Schloßplatz
11%
S Schönfeldstr.
11%
S Schubertstr.
11%
S Schwabachanlage
11%
S Schwabenstr.
11%
S Sebald-Heyden-Gasse
11%
S Sebastianstr.
11%
S Spardorfer Str.
11%
S Staudtstr.
11%
S Stauffenbergstr.
11%
S Steigerwaldallee
11%
S Stettiner Str.
11%
S Steudacher Str.
11%
S Stintzingstr.
11%
S Stoke-on-Trent-Str.
11%
S Stubenlohstr.
11%
T Thüringerstr.
11%
T Tulpenweg
11%
W Wasserturmstr.
11%
W Weisendorfer Str.
11%
W Widerlichstr.
11%
W Wöhrmühle
11%
W Würzburger Ring
11%
Y Ytterbium
11%
Z Zeppelinstr.
11%
A Agnes-Bluhm-Str.
0%
A Agnes-Miegel-Str.
0%
A Agnes-Sapper-Str.
0%
A Albert-Rupp-Str.
0%
A Albertusstr.
0%
A Alfred-Mehl-Str.
0%
A Alfred-Wegener-Str.
0%
A Alte Mönaustr.
0%
A Alter Markt
0%
A Altkirchenweg
0%
A Am Bach
0%
A Am Deckersweiher
0%
A Am Dinkelfeld
0%
A Am Dummetsweiher
0%
A Am Eichenwald
0%
A Am Erlanger Weg
0%
A Am Großauweiher
0%
A Am Heiligenholz
0%
A Am Klosterholz
0%
A Am Leitenbrünnlein
0%
A Am Lobersberg
0%
A Am Meilwald
0%
A Am Neuweiher
0%
A Am Reiterhof
0%
A Am Röthelheim
0%
A Am See
0%
A Amselfeld
0%
A Am Wagnersberg
0%
A Am Weichselgarten
0%
A Am Winkelfeld
0%
A Am Wolfsmantel
0%
A An der Lauseiche
0%
A Anderlohrstr.
0%
A An der Weißen Marter
0%
A Angerleite
0%
A Anna-Goes-Str.
0%
A Anna-Pirson-Weg
0%
A Anna-Rosenthal-Weg
0%
A Anne-Frank-Weg
0%
A Annette-Kolb-Str.
0%
A Anschützstr.
0%
A Anton-Bruckner-Str.
0%
A Anzengruberweg
0%
A Aufseßstr.
0%
A Aurach Nord
0%
A Aurach Süd
0%
A Aurachweg
0%
Ä Äußere Nürnberger Str.
0%
A Autobahnmeisterei
0%
A Autohof Tennenlohe
0%
A Auwiesenstr.
0%
B Bachgraben
0%
B Badergasse
0%
B Bahnstr.
0%
B Barschenweg
0%
B Barth-Blendinger-Str.
0%
B Barthelmeßstr.
0%
B Bauhofstr.
0%
B Bauvereinsstr.
0%
B Beim Drudenbaum
0%
B Berghang
0%
B Bernauerstr.
0%
B Berner Str.
0%
B Berner Weg
0%
B Bernhard-Plettner-Ring
0%
B Bertha-von-Suttner-Str.
0%
B Bimbachstr.
0%
B Bischofsweiherstr.
0%
B Bissingerstr.
0%
B Bogenweg
0%
B Böttigerpromenade
0%
B Böttigersteig
0%
B Brahmsstr.
0%
B Branderweg
0%
B Brauhofgasse
0%
B Breiter Sand
0%
B Brückenstr.
0%
B Brückleinsgasse
0%
B Bruckweiherstr.
0%
B Brühl
0%
B Brunnenstr.
0%
B Brüxer Str.
0%
B Büchenbacher Anlage
0%
B Buchenweg
0%
B Buchfinkstr.
0%
B Budapester Str.
0%
B Budweiser Weg
0%
B Burgstallweg
0%
C Calvinstr.
0%
C Campingstr.
0%
C Carl-Thiersch-Str.
0%
C Cedernstr.
0%
C Christian-Ernst-Str.
0%
C Clara-Schumann-Str.
0%
C Cosimastr.
0%
D Daimlerstr.
0%
D Damaschkestr.
0%
D Danziger Str.
0%
D Däsenweg
0%
D David-Morgenstern-Weg
0%
D Dechsendorfer Platz
0%
D Demlingweg
0%
D Dinkelweg
0%
D Distelweg
0%
D Döderleinstr.
0%
D Dompfaffstr.
0%
D Dompropststr.
0%
D Domstiftstr.
0%
D Donato-Polli-Str.
0%
D Dorfmeisterweg
0%
D Doris-Ruppenstein-Str.
0%
D Dornbergstr.
0%
D Drausnickstr.
0%
D Dreibergstr.
0%
D Dreikönigstr.
0%
D Drosselweg
0%
D Dünischweg
0%
E Ebnerstr.
0%
E Ebracher Weg
0%
E Ebrardstr.
0%
E Egerichtsweg
0%
E Egerlandstr.
0%
E Egerstr.
0%
E Egidienplatz
0%
E Eginoplatz
0%
E Eichenlohe
0%
E Eichenweg
0%
E Eichholzstr.
0%
E Eifelweg
0%
E Einkornweg
0%
E Eisvogelstr.
0%
E Elbestr.
0%
E Elisabeth-Auer-Str.
0%
E Elisabethstr.
0%
E Ellenbogen
0%
E Elly-Heuss-Str.
0%
E Elritzenweg
0%
E Elsa-Brändström-Str.
0%
E Elsterweg
0%
E Emil-Kränzlein-Str.
0%
E Emma-Brendel-Weg
0%
E Emmerweg
0%
E Engelstr.
0%
E Erlanger Str.
0%
E Erlenfeld
0%
E Eulerstr.
0%
E Eythstr.
0%
F Falkenauer Str.
0%
F Falkenstr.
0%
F Falknersweg
0%
F Fanny-Hensel-Str.
0%
F Faust-von-Stromberg-Str.
0%
F Feldstr.
0%
F Felsweg
0%
F Ferdinand-Braun-Str.
0%
F Fichtestr.
0%
F Flachsweg
0%
F Fleischmannstr.
0%
F Fliederstr.
0%
F Fließbachstr.
0%
F Flinzweg
0%
F Florian-Geyer-Str.
0%
F Flurstr.
0%
F Föhrenweg
0%
F Fontanestr.
0%
F Forellenweg
0%
F Forsthut
0%
F Forststr.
0%
F Fortunastr.
0%
F Franckestr.
0%
F Franzensbader Str.
0%
F Franz-Steinmetz-Weg
0%
F Frauenweiherstr.
0%
F Fraunhoferstr.
0%
F Freyeslebenstr.
0%
F Friedrich-Bauer-Str.
0%
F Friedrich-List-Str.
0%
F Friesenweg
0%
F Fuchsengarten
0%
F Fuchsfeldstr.
0%
F Fünfkirchener Str.
0%
G Gabelsbergerstr.
0%
G Gablonzer Str.
0%
G Gaisbühlstr.
0%
G Ganghoferweg
0%
G Gartenstr.
0%
G Gaußstr.
0%
G Gedelerstr.
0%
G Geisbergstr.
0%
G Geißlerstr.
0%
G Genglerstr.
0%
G Georg-Frank-Str.
0%
G Georg-Krauß-Str.
0%
G Gerberei
0%
G Gerstenbergstr.
0%
G Gertrud-Bäumer-Str.
0%
G Geschwister-Scholl-Str.
0%
G Geschwister-Vömel-Weg
0%
G Geuderweg
0%
G Giesbethweg
0%
G Ginsterweg
0%
G Goerdelerstr.
0%
G Goeschelstr.
0%
G Goldberglein
0%
G Goldwitzerstr.
0%
G Gostenhofer Str.
0%
G Graf-Zeppelin-Str.
0%
G Graslitzer Str.
0%
G Grazer Str.
0%
G Groß-von-Trockau-Platz
0%
G Grünauweg
0%
G Grundherrstr.
0%
G Guhmannstr.
0%
G Gundstr.
0%
G Gustav-Hauser-Str.
0%
G Gustav-Specht-Str.
0%
G Güterbahnhofstr.
0%
H Haberstr.
0%
H Habichtstr.
0%
H Haferweg
0%
H Hahnemannstr.
0%
H Hallerstr.
0%
H Hammerbacherstr.
0%
H Hänflingweg
0%
H Hans-Geiger-Str.
0%
H Hans-Ort-Ring
0%
H Hans-Sachs-Str.
0%
H Harfenstr.
0%
H Haselhofstr.
0%
H Hasenweg
0%
H Haßfurter Str.
0%
H Haundorfer Str.
0%
H Hausäckerweg
0%
H Hechtweg
0%
H Heckenweg
0%
H Hedenusstr.
0%
H Heerfleckenstr.
0%
H Hegemannweg
0%
H Hegenigstr.
0%
H Heidackerstr.
0%
H Heideweg
0%
H Heiligenlohstr.
0%
H Heindelstr.
0%
H Heinrich-Franke-Weg
0%
H Heinrich-Hertz-Str.
0%
H Heinrich-Kirchner-Str.
0%
H Helene-Lange-Str.
0%
H Helene-Richter-Str.
0%
H Helmholtzstr.
0%
H Helmstr.
0%
H Helmut-Anzeneder-Str.
0%
H Helmut-Lederer-Str.
0%
H Herbstäckerweg
0%
H Herdegenplatz
0%
H Herringstr.
0%
H Hertleinstr.
0%
H Heßdorfer Weg
0%
H Heubaumweg
0%
H Heusteg
0%
H Hilpertstr.
0%
H Hintere Gasse
0%
H Hirschensprung
0%
H Hirtenacker
0%
H Hirtengang
0%
H Hofer Str.
0%
H Hollerweg
0%
H Höllwiesenweg
0%
H Holsteinerweg
0%
H Holunderweg
0%
H Holzgartenstr.
0%
H Holzschuherring
0%
H Holzweg
0%
H Humboldtstr.
0%
H Huthausplatz
0%
H Huthausweg
0%
H Hutstr.
0%
I Im Heuschlag
0%
I Im Karpfengrund
0%
I Immenweg
0%
I Immerwahrstr.
0%
I Im Wolfsgarten
0%
I Ina-Seidel-Str.
0%
I In den Straßäckern
0%
I In der Zeil
0%
J Jäckelstr.
0%
J Jakob-Herz-Weg
0%
J Jakob-Nein-Str.
0%
J Jean-Paul-Str.
0%
J Johann-Jürgen-Str.
0%
J Johann-Kalb-Str.
0%
J Jordanweg
0%
J Josef-Felder-Str.
0%
J Joseph-Will-Str.
0%
J Jungstr.
0%
J Junkersstr.
0%
J Juragasse
0%
K Kalte Lohweg
0%
K Kammererstr.
0%
K Kannhäuserweg
0%
K Kapellenstr.
0%
K Karauschenweg
0%
K Karl-Bröger-Str.
0%
K Karlheinz-Kaske-Str.
0%
K Karl-May-Str.
0%
K Karlsbader Str.
0%
K Karl-Schall-Str.
0%
K Karl-Zucker-Str.
0%
K Karmelitenstr.
0%
K Käthe-Kollwitz-Str.
0%
K Katholischer Kirchenplatz
0%
K Kellerweg
0%
K Keplerstr.
0%
K Kernbergstr.
0%
K Keuperstr.
0%
K Kieselbergstr.
0%
K Killingerstr.
0%
K Kirchenweg
0%
K Kitzinger Str.
0%
K Kleefeld
0%
K Kleiberstr.
0%
K Kleinauweiher
0%
K Kleiststr.
0%
K Klostermühlgasse
0%
K Klosterwald
0%
K Kneippstr.
0%
K Kolpingweg
0%
K Komotauer Str.
0%
K Königsberger Str.
0%
K Konrad-Haußner-Str.
0%
K Konrad-Wegner-Str.
0%
K Konrad-Zuse-Str.
0%
K Kornblumenweg
0%
K Kosbacher Damm
0%
K Kößweg
0%
K Kraepelinstr.
0%
K Kraftwerkstr.
0%
K Krähenhorst
0%
K Kreuzsteinstr.
0%
K Kronacher Str.
0%
K Kulmbacher Str.
0%
K Kunigundenstr.
0%
K Kurze Zeile
0%
L Lachnerstr.
0%
L Lammersstr.
0%
L Lampertsbühl
0%
L Lange Zeile
0%
L Lannersberg
0%
L Lärchenweg
0%
L Laubaner Str.
0%
L Laubweg
0%
L Lazarettstr.
0%
L Lehmgrubenweg
0%
L Leimbergerstr.
0%
L Leitensteig
0%
L Leo-Hauck-Str.
0%
L Lerchenbühl
0%
L Lerchenstr.
0%
L Lerchentalweg
0%
L Lettenweg
0%
L Libellenweg
0%
L Lichtenfelser Weg
0%
L Liegnitzer Str.
0%
L Ligusterweg
0%
L Lilienthalstr.
0%
L Lipsweg
0%
L Löhestr.
0%
L Loheweg
0%
L Londoner Str.
0%
L Lönsweg
0%
L Loschgestr.
0%
L Löschweiherweg
0%
L Ludwig-Sand-Str.
0%
L Luise-Kiesselbach-Str.
0%
L Luitpoldstr.
0%
L Lupinenweg
0%
M Malvenweg
0%
M Mansfeldstr.
0%
M Maria-Lass-Weg
0%
M Marienbader Str.
0%
M Marienstr.
0%
M Markweg
0%
M Maronenweg
0%
M Marquardsenstr.
0%
M Martensstr.
0%
M Märterleinsweg
0%
M Marterstr.
0%
M Martinsbühler Str.
0%
M Masurenweg
0%
M Max-Busch-Str.
0%
M Meistergasse
0%
M Membacher Steg
0%
M Membacher Weg
0%
M Mendelstr.
0%
M Michael-Kreß-Str.
0%
M Michelbacher Str.
0%
M Michelbacher Weg
0%
M Mistelweg
0%
M Mittlere Heide
0%
M Mohnweg
0%
M Möhrendorfer Weg
0%
M Moltkestr.
0%
M Mönaustr.
0%
M Moorbachweg
0%
M Moosweg
0%
M Morauweg
0%
M Mühlgarten
0%
N Nachtigallenweg
0%
N Nägelsbachstr.
0%
N Narzissenweg
0%
N Naturbadstr.
0%
N Neißeweg
0%
N Nelly-Sachs-Str.
0%
N Neuenweiherstr.
0%
N Niendorfstr.
0%
N Nutzweiher
0%
O Obere Gasse
0%
O Obere Heide
0%
O Obleiweg
0%
O Odenwaldallee
0%
O Oderweg
0%
O Oppelner Str.
0%
O Ortliebweg
0%
O Osloer Str.
0%
O Otto-Goetze-Str.
0%
P Palmstr.
0%
P Papellierweg
0%
P Pappelgasse
0%
P Pappenheimer Str.
0%
P Parasolweg
0%
P Parkplatzstr.
0%
P Pätzoldweg
0%
P Paul-Gordan-Str.
0%
P Paulistr.
0%
P Pechmannstr.
0%
P Pechweg
0%
P Pechweiherstr.
0%
P Penzoldtstr.
0%
P Pestalozzistr.
0%
P Peter-Henlein-Weg
0%
P Peter-Vischer-Str.
0%
P Peter-Zink-Weg
0%
P Petra-Kelly-Weg
0%
P Pfälzer Str.
0%
P Pfinzingweg
0%
P Philipp-Reis-Str.
0%
P Pirckheimerweg
0%
P Pirolweg
0%
P Platenstr.
0%
P Pohlsgäßchen
0%
P Pömerstr.
0%
P Pranckhstr.
0%
P Prießnitzstr.
0%
P Privatweg
0%
P Puchtastr.
0%
Q Quendelweg
0%
R Rabenweg
0%
R Rangauweg
0%
R Ränzstr.
0%
R Rapunzelweg
0%
R Ratiborer Str.
0%
R Raumerstr.
0%
R Rehweiherstr.
0%
R Reichswaldstr.
0%
R Reinhardstr.
0%
R Reinigerstr.
0%
R Reinschartenweg
0%
R Reitersbergstr.
0%
R Remarweg
0%
R Rennesstr.
0%
R Resenscheckstr.
0%
R Reuthlehenstr.
0%
R Reutleser Weg
0%
R Ricarda-Huch-Str.
0%
R Richard-Strauss-Str.
0%
R Richard-Wagner-Str.
0%
R Richterstr.
0%
R Riemenschneiderstr.
0%
R Rieterweg
0%
R Rita-Schüßler-Weg
0%
R Ritterspornweg
0%
R Ritzerstr.
0%
R Robert-Gradmann-Str.
0%
R Robert-Mayer-Str.
0%
R Römerreuthstr.
0%
R Romesstr.
0%
R Rosenau
0%
R Rosenweg
0%
R Rotkappenweg
0%
R Rottmannsgäßchen
0%
R Rückertstr.
0%
R Rudeläckerweg
0%
R Rudelsweiherstr.
0%
R Rudolf-Steiner-Str.
0%
R Rühlstr.
0%
S Saalestr.
0%
S Saarstr.
0%
S Sackgasse
0%
S Sägersäcker
0%
S San-Carlos-Str.
0%
S Sandackerstr.
0%
S Sandleite
0%
S Sankt Johann
0%
S Sankt Michael
0%
S Saranstr.
0%
S Schaldachweg
0%
S Schellingstr.
0%
S Schenkstr.
0%
S Schießhausstr.
0%
S Schiestlstr.
0%
S Schinnererstr.
0%
S Schlehenstr.
0%
S Schleienweg
0%
S Schleifmühlstr.
0%
S Schleifweg
0%
S Schleusenstr.
0%
S Schloßgasse
0%
S Schobertweg
0%
S Schönbacher Str.
0%
S Schottkystr.
0%
S Schronfeld
0%
S Schützenweg
0%
S Schwalbenweg
0%
S Schwanenstr.
0%
S Schwarzdornweg
0%
S Schwedlerstr.
0%
S Schweidnitzer Weg
0%
S Schweinfurter Str.
0%
S Schwemmseeweg
0%
S Sedanstr.
0%
S Seebachweg
0%
S Seerosenweg
0%
S Sehmerweg
0%
S Sieboldstr.
0%
S Siedlerstr.
0%
S Siedlerweg
0%
S Sieglitzhofersteg
0%
S Sixtusstr.
0%
S Sonnenblick
0%
S Sonnenstr.
0%
S Sonnentauweg
0%
S Sophienstr.
0%
S Sperbersklinge
0%
S Sperberweg
0%
S Sperlingstr.
0%
S Spessartweg
0%
S Spinnereistr.
0%
S Spitzwegstr.
0%
S Staffelweg
0%
S Starenweg
0%
S Staudenweg
0%
S Steinforststr.
0%
S Steinheilstr.
0%
S Steinknöck
0%
S Steinpilzweg
0%
S Steinweg
0%
S Stephanstr.
0%
S Stiftungsstr.
0%
S Straßberg
0%
S Stromerweg
0%
S Strümpellstr.
0%
S Sudetenlandstr.
0%
S Sudetenstr.
0%
S Südspange
0%
S Sylvaniastr.
0%
T Talblick
0%
T Täublingstr.
0%
T Taunusstr.
0%
T Teplitzer Str.
0%
T Tetzelweg
0%
T Thalermühlstr.
0%
T Theaterstr.
0%
T Theodor-Klippel-Str.
0%
T Theodor-von-Zahn-Str.
0%
T Thomas-Dehler-Str.
0%
T Thomas-Mann-Str.
0%
T Tillystr.
0%
T Toblerweg
0%
T Tolnaer Str.
0%
T Tucherstr.
0%
T Turmberg
0%
T Turmhügelweg
0%
T Turnstr.
0%
U Ulmenweg
0%
U Ulrich-Schalk-Str.
0%
U Umhausener Weg
0%
U Untere Heide
0%
V Vacher Str.
0%
V Veilchenweg
0%
V Veit-Stoß-Str.
0%
V Volkacher Str.
0%
V Voltastr.
0%
V Von-Bezzel-Str.
0%
V Von-Buol-Str.
0%
V Von-der-Tann-Str.
0%
V Von-Lentersheim-Str.
0%
V Von-Meranien-Str.
0%
V Von-Wendt-Weg
0%
W Wacholderweg
0%
W Wackenroderstr.
0%
W Walburgastr.
0%
W Waldmüllerstr.
0%
W Waldseestr.
0%
W Wallenrodstr.
0%
W Wallensteinstr.
0%
W Walter-Flex-Str.
0%
W Wasserwerkstr.
0%
W Weberäckerweg
0%
W Webichgasse
0%
W Wehneltstr.
0%
W Weichselweg
0%
W Weihergärten
0%
W Weiherstr.
0%
W Weiße Herzstr.
0%
W Wellhoeferstr.
0%
W Welsweg
0%
W Wenzelstr.
0%
W Werker
0%
W Westerwaldweg
0%
W Wiener Str.
0%
W Wiesengrundweg
0%
W Wildentenweg
0%
W Wilhelminenstr.
0%
W Wilhelmstr.
0%
W Wilhelm-Tell-Str.
0%
W Willi-Grasser-Str.
0%
W Willstr.
0%
W Willy-Brandt-Str.
0%
W Windmühle
0%
W Windsheimer Str.
0%
W Winkelweg
0%
W Witikoweg
0%
W Wöhrstr.
0%
W Wolfsäckerweg
0%
W Wolfsstaudenring
0%
Z Zambellistr.
0%
Z Zanderstr.
0%
Z Zeisigweg
0%
Z Zeißstr.
0%
Z Zenkerstr.
0%
Z Ziegelgasse
0%
Z Zimmermannsgasse
0%
Z Zum Eichelberg
0%
Z Zum Fuchsengraben
0%
Z Zum Hutacker
0%
Keine übereinstimmenden Quizze gefunden
Verteilung der Resultate
Anzahl Personen mit jedem Resultat
Perzentil nach korrekt beantworteten Fragen
Ihre Resultats-Entwicklung
Sie haben dieses Quiz seit der letzten Aktualisierung nicht gespielt